000 00311nam a2200133Ia 4500
008 191201s2003 xx 000 0 und d
082 _a005.133
_bDEC
100 _aDESAI, S
245 0 _aC under DOS Test
260 _aN.Delhi
_bBPB Publication
_c2003
300 _a247
650 _aB.Tech(IT)
942 _2ddc
_cBK
999 _c2872
_d2872